The Only One: Countries Quiz Stats

 Plays Quiz Updated Jun 8, 2018

Score 0/12 Timer 04:00
7 Plays Today
% Correct
China
91.9%
Morocco
84.2%
Turkmenistan
82.4%
Singapore
80.1%
Israel
78.6%
Azerbaijan
78.4%
Philippines
69.3%
Pakistan
68%
Lebanon
54.3%
Timor-Leste
52.3%
North Korea
41.2%
Myanmar
40.9%

You're not logged in!

Compare scores with friends on all Sporcle quizzes.
OR
Log In

Sporcle TV

Today on Sporcle TV


Watch our educational content, quiz creation guides, and fun videos on Sporcle TV.

Show Comments

Extras

Top Quizzes Today


Score Distribution

Your Account Isn't Verified!

In order to create a playlist on Sporcle, you need to verify the email address you used during registration. Go to your Sporcle Settings to finish the process.

Report this User

Report this user for behavior that violates our Community Guidelines.

Details: